| 000 | 00835nam a22002297a 4500 | ||
|---|---|---|---|
| 999 |
_c19489 _d19489 |
||
| 003 | AR-CdUCM | ||
| 008 | 190517b ||||| |||| 00| 0 spa d | ||
| 040 |
_aMUNICIPALIDAD PROVINCIAL DEL CUSCO _cBIBLIOTECA MUNICIPAL DEL CUSCO |
||
| 082 |
_a818.5 / _bAL36 |
||
| 100 |
_aAlcott, Louisa M. _9764 |
||
| 245 | _aUna Guirnalda de flores / | ||
| 260 |
_aBarcelona : _bTall. Graf. Ameller. |
||
| 300 |
_a244 páginas ; _bilustraciones, _c19 cm. |
||
| 505 | _aContenido: Flores de mayo -- Hiedra y zapatillas -- Lirios de ensueño -- Amapolas y espigas -- Florecilla -- Culandrillo y laurel. | ||
| 650 |
_aLiteratura Norteamericana _91382 |
||
| 650 |
_aNovela _95 |
||
| 650 |
_aSiglo XX _98 |
||
| 700 |
_aRibera, J. (adaptación) _940849 |
||
| 700 |
_aBeaumont (ilustraciones) _940850 |
||
| 942 |
_2ddc _cLIBROS |
||
| 945 |
_aachl _d2019-05-17 |
||